| 000 | 00919nam a2200205 a 4500 | ||
|---|---|---|---|
| 005 | 20161011083443.0 | ||
| 008 | 161011s20122 ck ad|||r |||| 00| 0 spa d | ||
| 040 |
_aCO-BoIAVH _cCO-BoIAVH |
||
| 041 | 0 | _aspa | |
| 044 | _ack | ||
| 090 |
_aFG- _b0065 |
||
| 245 | 0 | 0 |
_aAnálisis de incorporación de criterios de conservación y uso sostenible de la biodiversidad en instrumentos de fomento del sector agropecuario : _bCasos crédito agropecuario e Incentivo a la Capitalización Rural ICR |
| 260 |
_aBogotá?, Colombia : _bGEF : _bPNUD, _c2012. |
||
| 300 |
_a1 plegable (17 páginas) : _bilustraciones a color y tablas ; _c23 x 16 cm. |
||
| 500 | _aConservación de la biodiversidad en predios productivos. | ||
| 650 | 2 | 6 |
_aConservación de la diversidad biológica _xincentivos |
| 650 | 2 | 6 |
_aBiodiversidad _xuso sostenible |
| 650 | 2 | 4 |
_aSector agropecuario _xincentivos |
| 942 |
_2z _cFolleto |
||
| 999 |
_c19078 _d19078 |
||